| 000 | 00403 a2200109 4500 | ||
|---|---|---|---|
| 001 | ART_40685 | ||
| 005 | 20260410161805.0 | ||
| 008 | 260409a | ||
| 245 | 1 | 0 | _aLa interpretación e integración de la ley tributaria y las sociedades civiles profesionales desaparecidas |
| 100 | 1 | _aFernández, Fernanda M. | |
| 773 | 0 |
_tDoctrina Societaria y Concursal _g- Nº 348 (nov. 2016) _wREV4298 |
|
| 999 |
_c20920 _d20920 |
||